Mixed Word: Movie Titles III Quiz Stats

Quiz Updated Nov 1, 2017

Challenge
Share
Tweet
Embed
Score 0/12 Timer 03:00
0 Plays Today
Hint Answer % Correct
ELT TEH GHTRI NEO NILet the Right One In
94.2%
ON TRYNOUC OFR DLO EMNNo Country for Old Men
91.3%
HATT GITHN UYO ODThat Thing You Do
91.3%
HSDOWA FO A DBTOUShadow of a Doubt
90.7%
NATEPL FO EHT ESPAPlanet of the Apes
90%
GINNIS NI EHT INRASingin in the Rain
84.4%
TEH ILSCENE FO ETH BSMLAThe Silence of the Lambs
83.8%
ETH GHTNI FO EHT TRENHUThe Night of the Hunter
76.7%
NO TEH TERAWNROFTOn the Waterfront
68.9%
FAKERY YARDIFFreaky Friday
64.3%
GDO YDA ROEOFTANNDog Day Afternoon
59.1%
A FSILUFT FO RSADLOLA Fistful of Dollars
47.6%

You're not logged in!

Compare scores with friends on all Sporcle quizzes.
Sign Up with Email
OR
Log In

You Might Also Like...

Show Comments

Extras

Top Quizzes Today


Score Distribution

Your Account Isn't Verified!

In order to create a playlist on Sporcle, you need to verify the email address you used during registration. Go to your Sporcle Settings to finish the process.